000 00493nam a22001457a 4500
003 0
005 20221013131007.0
008 221013b xxu||||| |||| 00| 0 eng d
050 _aHD6305
_b.C37 2022
245 _aA Comparative ethnogeriatric study on local and migrant filipinos
_cJan Antonette Casin
260 _aLas Pinas, Philippines
_bSouthville International School and Colleges
_cC2022
300 _aiii,132pp.
_c28cm.
_fTheses
500 _alocal and migrant Filipinos.
942 _2lcc
_cTH
999 _c364850
_d364850